| 000 | 00382cam a2200157ua 4500 | ||
|---|---|---|---|
| 041 |
_ahin _h |
||
| 082 |
_a891.43 _bSUD/HI |
||
| 100 | _aSudindhra, . | ||
| 245 |
_aHindi kavitha mem yuganthar / _cSudhindra. _hTextual Documents |
||
| 250 |
_a2 / _b. |
||
| 260 |
_aDelhi : _bAtmaram and Sons , _c1957. |
||
| 300 | _a388 ; . | ||
| 504 | _a | ||
| 942 | _cBK | ||
| 999 |
_c11358 _d11358 |
||